ARRUPE JESUIT UNIVERSITY

CORONAVIRUS -STOP THE SPREAD - CLEAN,DISINFECT,COVER

Semantique (Record no. 123762)

MARC details
000 -LEADER
fixed length control field 00464nam a22001457a 4500
008 - FIXED-LENGTH DATA ELEMENTS--GENERAL INFORMATION
fixed length control field 151106b xxu||||| |||| 00| 0 eng d
050 ## - LIBRARY OF CONGRESS CALL NUMBER
Classification number P325.B714
100 ## - MAIN ENTRY--PERSONAL NAME
Personal name Brekle, Herbert E.
9 (RLIN) 20997
245 ## - TITLE STATEMENT
Title Semantique
Remainder of title tradiut et adapte par Pirre Cadiot et Yvon Girard
Statement of responsibility, etc /by Herbert E. Brekle
260 ## - PUBLICATION, DISTRIBUTION, ETC. (IMPRINT)
Place of publication, distribution, etc Paris
Name of publisher, distributor, etc Librairie armand colin
Date of publication, distribution, etc 1974
300 ## - PHYSICAL DESCRIPTION
Extent 110p. ;
Dimensions 22cm.
440 ## - SERIES STATEMENT/ADDED ENTRY--TITLE
Title Lingustique
9 (RLIN) 20998
650 ## - SUBJECT ADDED ENTRY--TOPICAL TERM
Topical term or geographic name as entry element Semantics
9 (RLIN) 11339
942 ## - ADDED ENTRY ELEMENTS (KOHA)
Source of classification or shelving scheme Library of Congress Classification
Item type Monograph ( Printed materials)
Holdings
Withdrawn status Lost status Source of classification or shelving scheme Damaged status Not for loan Collection code Home library Current library Shelving location Date acquired Total Checkouts Full call number Barcode Date last seen Price effective from Koha item type
    Library of Congress Classification     Main Collection ARRUPE LIBRARY ARRUPE LIBRARY Main Collection 06/11/2015   P325.B714 46500005613 26/02/2019 06/11/2015 Monograph ( Printed materials)

 

Arrupe Library. PO Box MP320 Mt Pleasant, Harare, Zimbabwe
263 242 745411|librarian@aju.ac.zw